Entrada Encabezamiento temático
Número de registros utilizados en: 1
001 - NÚMERO DE CONTROL
- campo de control: 12351
003 - IDENTIFICADOR DEL NÚMERO DE CONTROL
- campo de control: vecauma
005 - FECHA Y HORA DE LA ÚLTIMA TRANSACCIÓN
- campo de control: 20250120122412.0
008 - DATOS DE LONGITUD FIJA
- campo de control de longitud fija: 250120|| aca||aabn | a|a d
040 ## - FUENTE DE LA CATALOGACIÓN
- Centro catalogador/agencia de origen: vecauma
053 ## - Número de clasificación LC
- Número de clasificación–único número o número inicial: BF720.E45
- Categoría temática: Psicología infantil
053 ## - Número de clasificación LC
- Número de clasificación–único número o número inicial: BF723.E6
- Categoría temática: Psicología infantil
150 ## - Materia
- Encabezamiento temático: EMOCIONES EN NIÑOS
450 ## - REFERENCIA DE “VEASE” MATERIA
- Encabezamiento temático: Emotions in children
450 ## - REFERENCIA DE “VEASE” MATERIA
- Encabezamiento temático: Emociones en el niño
450 ## - REFERENCIA DE “VEASE” MATERIA
- Encabezamiento temático: Emociones infantiles
450 ## - REFERENCIA DE “VEASE” MATERIA
- Encabezamiento temático: Emociones y sentimientos en niños
450 ## - REFERENCIA DE “VEASE” MATERIA
- Encabezamiento temático: Niños --
- Subdivisión temática general: Emociones
550 ## - REFERENCIA DE "VEASE ADEMAS" MATERIA
- Encabezamiento temático: EMOCIONES
- Subcampo de control : g
550 ## - REFERENCIA DE "VEASE ADEMAS" MATERIA
- Encabezamiento temático: PSICOLOGIA INFANTIL
- Subcampo de control : g
550 ## - REFERENCIA DE "VEASE ADEMAS" MATERIA
- Encabezamiento temático: EDUCACION EMOCIONAL
670 ## - FUENTE EN LA QUE SE LOCALIZARON DATOS
- Cita de la fuente: Catálogo de Autoridades de la Biblioteca Nacional de España,
- Información localizada: (Emociones en niños)
670 ## - FUENTE EN LA QUE SE LOCALIZARON DATOS
- Cita de la fuente: Catálogo de Autoridades de la Biblioteca del Congreso (LCSH),
- Información localizada: (Emotions in children)
